Sports Quiz

Random Sports or MLB Quiz

Chicago White Sox Opening Day Starting Pitchers Quiz Stats

Quiz Updated Mar 30, 2018

Challenge
Share
Tweet
Embed
Score 0/119 Timer 13:00
0 Plays Today
Year Starter % Correct
2013Chris Sale
81.8%
2014Chris Sale
81.8%
2016Chris Sale
81.8%
2002Mark Buehrle
81.3%
2003Mark Buehrle
81.3%
2004Mark Buehrle
81.3%
2005Mark Buehrle
81.3%
2006Mark Buehrle
81.3%
2008Mark Buehrle
81.3%
2009Mark Buehrle
81.3%
2010Mark Buehrle
81.3%
2011Mark Buehrle
81.3%
1991Jack McDowell
68.7%
1992Jack McDowell
68.7%
1993Jack McDowell
68.7%
1994Jack McDowell
68.7%
2017Jose Quintana
57.1%
2018James Shields
54.2%
1966Tommy John
53.5%
1970Tommy John
53.5%
1971Tommy John
53.5%
1905Frank Smith
43.5%
1909Frank Smith
43.5%
1910Frank Smith
43.5%
1940Eddie Smith
43.5%
1983LaMarr Hoyt
40.7%
1984LaMarr Hoyt
40.7%
1972Wilbur Wood
40.1%
1973Wilbur Wood
40.1%
1974Wilbur Wood
40.1%
1975Wilbur Wood
40.1%
1976Wilbur Wood
40.1%
1917Lefty Williams
38.6%
1919Lefty Williams
38.6%
1920Lefty Williams
38.6%
1995Alex Fernandez
38.5%
1996Alex Fernandez
38.5%
1932Sam Jones
38.3%
1934Sam Jones
38.3%
1935Sam Jones
38.3%
Year Starter % Correct
2007Jose Contreras
37%
1918Ed Cicotte
35.2%
1985Tom Seaver
33.4%
1986Tom Seaver
33.4%
1951Billy Pierce
31.1%
1952Billy Pierce
31.1%
1954Billy Pierce
31.1%
1956Billy Pierce
31.1%
1957Billy Pierce
31.1%
1958Billy Pierce
31.1%
1959Billy Pierce
31.1%
1926Ted Lyons
29.4%
1928Ted Lyons
29.4%
1960Early Wynn
29%
1961Early Wynn
29%
2012John Danks
27.6%
1911Ed Walsh
26.9%
1912Ed Walsh
26.9%
2001David Wells
24%
1987Richard Dotson
22.2%
1999James Baldwin
20.4%
1908Doc White
20.3%
1964Gary Peters
19.2%
1965Gary Peters
19.2%
1969Gary Peters
19.2%
1978Steve Stone
19.1%
1922Red Faber
18.9%
1923Red Faber
18.9%
1981Britt Burns
18.2%
2000Mike Sirotka
17.6%
1927Tommy Thomas
17.4%
1929Tommy Thomas
17.4%
1930Tommy Thomas
17.4%
1931Tommy Thomas
17.4%
2015Jeff Samardzija
17.2%
1997Jaime Navarro
16.2%
1998Jaime Navarro
16.2%
1968Joe Horlen
16%
1944Orval Grove
15.9%
1990Melido Perez
15%
Year Starter % Correct
1980Steve Trout
13.7%
1945Thornton Lee
12.9%
1982Jerry Koosman
10.8%
1989Jerry Reuss
10.3%
1979Ken Kravec
9.3%
1921Dickie Kerr
9.2%
1962Juan Pizarro
9.1%
1924Charlie Robertson
8.5%
1913Jim Scott
8.3%
1914Jim Scott
8.3%
1915Jim Scott
8.3%
1977Ken Brett
6.9%
1900Roy Patterson
6.4%
1901Roy Patterson
6.4%
1955Virgil Trucks
6.3%
1963Ray Herbert
6.3%
1904Frank Owen
6%
1906Frank Owen
6%
1947Ed Lopat
5.9%
1988Ricky Horton
5.8%
1967John Buzhardt
5.7%
1937Vern Kennedy
5.5%
1916Reb Russell
5.4%
1907Nick Altrock
5%
1902Nixey Callahan
4.4%
1939Johnny Rigney
4.3%
1941Bill Dietrich
4.3%
1942Johnny Rigney
4.3%
1943Bill Dietrich
4.3%
1946Bill Dietrich
4.3%
1936John Whitehead
3.9%
1938John Whitehead
3.9%
1925Sloppy Thurston
3.8%
1950Bill Wight
3.7%
1903Patsy Flaherty
3.6%
1948Joe Haynes
3.5%
1953Saul Rogovin
3.4%
1949Al Gettel
3.1%
1933Ed Durham
3%

You're not logged in!

Compare scores with friends on all Sporcle quizzes.
Join for Free
OR
Log In

Show Comments

Extras

Top Quizzes Today


Score Distribution

Your Account Isn't Verified!

In order to create a playlist on Sporcle, you need to verify the email address you used during registration. Go to your Sporcle Settings to finish the process.

Report this User

Report this user for behavior that violates our Community Guidelines.

Details: